000 01148nam a22002537a 4500
003 NALT
005 20260122085826.0
008 s2558 th tha d
020 _a9789746716406
040 _aNALT
041 _atha
050 _aBF 441
_bพ272ส 2558
100 0 _aพรรณี เกษกมล
_936017
245 1 0 _aสร้างความคิดให้เฉียบคมด้วยการคิดอย่างเฉียบแหลม /
_cพรรณี เกษกมล.
260 _aกรุงเทพฯ :
_bสำนักพิมพ์มหาวิทยาลัยธุรกิจบัณฑิตย์,
_c2558.
300 _a276 หน้า :
_bภาพประกอบ, ตาราง ;
_c21 ซม.
650 4 _aความคิดนอกกรอบ
_933615
650 0 _aความคิดสร้างสรรค์
_97531
650 4 _aความคิดและการคิด
_95844
850 _aNALT
942 _cGB
_2lcc
996 _asaiphon.d
_bCATSTF
_c2025-10-29
999 _c74301
_d74301
998 _j1020
_k นางจำเรียง ระวังสำโรง